[Event "GRE-chT 48th"]
[Site "Athens"]
[Date "2021.09.07"]
[Round "1.7"]
[White "Dallas, Nikolaos Alexandros"]
[Black "Loutragotis, Paraskevas Pantelei"]
[Result "0-1"]
[WhiteElo "1278"]
[BlackElo "1894"]
[PlyCount "54"]
[EventDate "2021.09.07"]
[EventType "team-swiss"]
[EventRounds "7"]
[EventCountry "GRE"]
[SourceTitle "CBM 204 Extra"]
[Source "ChessBase"]
[SourceDate "2021.11.30"]
[SourceVersion "1"]
[SourceVersionDate "2021.11.30"]
[SourceQuality "1"]
[WhiteTeam "Keefysyas"]
[BlackTeam "Zeenon Glyfathas"]
[WhiteTeamCountry "GRE"]
[BlackTeamCountry "GRE"]

1. e4 c6 2. d4 d5 3. e5 Bf5 4. g4 Be4 5. f3 Bg6 6. Bg2 e6 7. Ne2 h5 8. g5 h4 9. f4 Ne7 10. 0-0 Nf5 11. Kh1 Bh5 12. Bf3 Bxf3+ 13. Rxf3 c5 14. Be3 Nc6 15. c3 Qb6 16. b3 0-0-0 17. dxc5 Bxc5 18. Bxc5 Qxc5 19. b4 Qb6 20. a4 d4 21. b5 dxc3 22. Qc2 Ne3 23. Rxe3 Qxe3 24. bxc6 Qf3+ 25. Kg1 h3 26. cxb7+ Kb8 27. Nexc3 Rh4 0-1

[Event "EU-ch Amateur Online Final 1700/2000"]
[Site "Tornelo INT"]
[Date "2021.04.25"]
[Round "3"]
[White "Bouska, Jiri"]
[Black "Dallas, Nikolaos Alexandros"]
[Result "1-0"]
[WhiteElo "1804"]
[BlackElo "1255"]
[PlyCount "111"]
[EventDate "2021.04.25"]
[EventType "swiss (rapid)"]
[EventRounds "9"]
[EventCountry "NET"]
[SourceTitle "EXT 2023"]
[Source "ChessBase"]
[SourceDate "2022.10.05"]
[SourceVersion "1"]
[SourceVersionDate "2022.10.05"]
[SourceQuality "1"]

1. e4 Nc6 2. Nf3 e5 3. Bb5 Nge7 4. 0-0 g6 5. c3 Bg7 6. d4 exd4 7. cxd4 d5 8. e5 0-0 9. Nc3 Bg4 10. Be3 f6 11. exf6 Rxf6 12. Be2 Nf5 13. Bg5 Bxf3 14. Bxf3 Nfxd4 15. Bxd5+ Kh8 16. Bxc6 Nxc6 17. Qxd8+ Rxd8 18. Bxf6 Bxf6 19. Rad1 Rf8 20. Rd7 Be5 21. g3 a6 22. Rfd1 b5 23. Ne4 h6 24. R1d2 Re8 25. Kg2 g5 26. Nc3 Rf8 27. Nd5 Nb8 28. Re7 Bd6 29. Re6 Kg7 30. Rde2 Nc6 31. R6e4 Rf7 32. Ne3 Ne5 33. g4 Nd7 34. Nf5+ Kg6 35. Re6+ Rf6 36. Rxf6+ Kxf6 37. Nxd6 cxd6 38. b3 Ne5 39. h3 Ke6 40. Kg3 Kd5 41. f4 gxf4+ 42. Kxf4 Kc5 43. Rxe5+ dxe5+ 44. Kxe5 Kb4 45. h4 Ka3 46. g5 hxg5 47. hxg5 Kxa2 48. g6 Kxb3 49. g7 b4 50. g8Q+ Kb2 51. Kd4 b3 52. Kd3 a5 53. Qc4 a4 54. Qxa4 Kc1 55. Kc3 b2 56. Qc2# 1-0

[Event "EU-ch Amateur Online 1700/2000"]
[Site "Tornelo INT"]
[Date "2021.04.24"]
[Round "5"]
[White "Babazade, Zhala Sharafaddin Q"]
[Black "Dallas, Nikolaos Alexandros"]
[Result "1-0"]
[WhiteElo "1752"]
[BlackElo "1255"]
[PlyCount "133"]
[EventDate "2021.04.24"]
[EventType "swiss (rapid)"]
[EventRounds "8"]
[EventCountry "NET"]
[SourceTitle "EXT 2023"]
[Source "ChessBase"]
[SourceDate "2022.10.05"]
[SourceVersion "1"]
[SourceVersionDate "2022.10.05"]
[SourceQuality "1"]

1. e4 Nc6 2. d4 e5 3. d5 Nce7 4. Bd3 Ng6 5. Ne2 Bc5 6. Nd2 Nf6 7. Nb3 Bb6 8. c4 d6 9. Bd2 Ng4 10. c5 dxc5 11. Qc2 Nxf2 12. Kxf2 c4+ 13. Ke1 cxd3 14. Qxd3 0-0 15. h4 Nxh4 16. Qg3 Ng6 17. Qh2 f6 18. Qxh7+ Kf7 19. Rh6 Ne7 20. Bb4 Qd7 21. Bxe7 Qxe7 22. Qg6+ Kg8 23. Kd2 Qe8 24. Qh7+ Kf7 25. Rf1 Ke7 26. Qxg7+ Qf7 27. Qg3 c6 28. Rg6 Ke8 29. d6 Qe6 30. Qd3 Bd7 31. Ng3 c5 32. Nf5 c4 33. Ng7+ Kf7 34. Nxe6 cxd3 35. Nxf8 Rxf8 36. Rfxf6+ Ke8 37. Rxf8+ Kxf8 38. Kxd3 Kf7 39. Rg3 Ke6 40. Nd2 Kxd6 41. Nc4+ Kc6 42. Nxb6 axb6 43. Rg5 Kd6 44. Rg6+ Ke7 45. g4 Bc6 46. Rh6 Kf7 47. g5 Kg7 48. Re6 Bb5+ 49. Ke3 Bc4 50. Rxb6 Bxa2 51. Rxb7+ Kg6 52. Rb5 Kxg5 53. Rxe5+ Kf6 54. Ra5 Bb3 55. Kf4 Ke7 56. Ra6 Kd7 57. Ke5 Ke7 58. Rb6 Ba2 59. Rb7+ Kd8 60. Kd6 Kc8 61. Ra7 Kb8 62. Rxa2 Kb7 63. e5 Kb6 64. e6 Kb5 65. e7 Kb4 66. e8Q Kb3 67. Qa4# 1-0

[Event "EU-ch Amateur Online 1700/2000"]
[Site "Tornelo INT"]
[Date "2021.04.24"]
[Round "1"]
[White "Camdereli, Gunduz"]
[Black "Dallas, Nikolaos Alexandros"]
[Result "1-0"]
[WhiteElo "1805"]
[BlackElo "1255"]
[PlyCount "157"]
[EventDate "2021.04.24"]
[EventType "swiss (rapid)"]
[EventRounds "8"]
[EventCountry "NET"]
[SourceTitle "EXT 2023"]
[Source "ChessBase"]
[SourceDate "2022.10.05"]
[SourceVersion "1"]
[SourceVersionDate "2022.10.05"]
[SourceQuality "1"]

1. e4 Nc6 2. Nf3 e5 3. Bb5 Nge7 4. 0-0 g6 5. c3 Bg7 6. Re1 0-0 7. d4 exd4 8. cxd4 d5 9. Bxc6 Nxc6 10. exd5 Qxd5 11. Nc3 Qh5 12. d5 Nd8 13. Bf4 c6 14. Bd6 Bg4 15. Bxf8 Bxf8 16. Re8 Rc8 17. dxc6 Nxc6 18. Rxc8 Bxc8 19. Qd5 Qg4 20. Ne5 Nxe5 21. Qxe5 Qb4 22. Nd5 Qd6 23. Nf6+ Kh8 24. Qc3 Qc6 25. Rc1 Qxc3 26. Rxc3 Be6 27. Rc7 Bxa2 28. Rxb7 Bc5 29. Nd7 Bd4 30. Rb4 Bb6 31. Nxb6 axb6 32. Rxb6 Kg7 33. Kf1 Kf8 34. Ke1 Ke8 35. Kd2 Kd8 36. Kc3 h5 37. b3 Kc7 38. Rf6 Bb1 39. Rxf7+ Kd6 40. Rf6+ Kc5 41. b4+ Kb5 42. Re6 Bf5 43. Re5+ Kb6 44. Kd4 Bd7 45. h4 Kc6 46. Rg5 Bf5 47. Rxf5 gxf5 48. Ke5 Kb5 49. Kxf5 Kxb4 50. Kg5 Kc5 51. Kxh5 Kd6 52. Kg6 Ke7 53. Kg7 Ke6 54. h5 Kf5 55. h6 Kg4 56. h7 Kg5 57. h8Q Kg4 58. Qh3+ Kg5 59. Qg3+ Kh5 60. Qe5+ Kg4 61. f3+ Kh4 62. g3+ Kh3 63. Qh5+ Kg2 64. f4 Kf2 65. f5 Kg2 66. f6 Kf2 67. g4 Kg3 68. g5 Kf4 69. g6 Kg3 70. Kf7 Kf4 71. Ke6 Kg3 72. Ke5 Kf2 73. Qh3 Kg1 74. Qd3 Kf2 75. Kf4 Kg2 76. Qc3 Kf2 77. Qd2+ Kf1 78. Kg3 Kg1 79. Qg2# 1-0

[Event "EU-ch Amateur Online 1700/2000"]
[Site "Tornelo INT"]
[Date "2021.04.24"]
[Round "3"]
[White "Vicze, Kata"]
[Black "Dallas, Nikolaos Alexandros"]
[Result "1-0"]
[WhiteElo "1809"]
[BlackElo "1255"]
[PlyCount "51"]
[EventDate "2021.04.24"]
[EventType "swiss (rapid)"]
[EventRounds "8"]
[EventCountry "NET"]
[SourceTitle "EXT 2023"]
[Source "ChessBase"]
[SourceDate "2022.10.05"]
[SourceVersion "1"]
[SourceVersionDate "2022.10.05"]
[SourceQuality "1"]

1. e4 Nc6 2. Nf3 e5 3. d4 exd4 4. Bc4 Nf6 5. e5 d5 6. Bb5 Ne4 7. Nxd4 Bd7 8. Bxc6 bxc6 9. 0-0 Bc5 10. f3 Ng5 11. f4 Ne4 12. Be3 Qb8 13. Qc1 0-0 14. c3 Bb6 15. Nd2 Nxd2 16. Qxd2 a5 17. f5 c5 18. Nb3 Qa7 19. Kh1 a4 20. Nc1 Bb5 21. Rf3 d4 22. Bh6 Rfe8 23. Qg5 Kf8 24. Bxg7+ Kg8 25. Bf6+ Kf8 26. Qg7# 1-0

[Event "EU-ch Amateur Online Final 1400/1700"]
[Site "Tornelo INT"]
[Date "2021.04.18"]
[Round "9"]
[White "Dallas, Nikolaos Alexandros"]
[Black "Kokk, Karl Mattias"]
[Result "1-0"]
[WhiteElo "1255"]
[BlackElo "1518"]
[PlyCount "59"]
[EventDate "2021.04.18"]
[EventType "swiss (rapid)"]
[EventRounds "9"]
[EventCountry "NET"]
[SourceTitle "EXT 2023"]
[Source "ChessBase"]
[SourceDate "2022.10.05"]
[SourceVersion "1"]
[SourceVersionDate "2022.10.05"]
[SourceQuality "1"]

1. e4 c5 2. d4 cxd4 3. c3 dxc3 4. Nxc3 Nc6 5. Nf3 d6 6. Bc4 Nf6 7. e5 Ng4 8. e6 Bxe6 9. Bxe6 fxe6 10. Ng5 Nf6 11. Nxe6 Qd7 12. Qe2 Nd8 13. Nxd8 Qxd8 14. 0-0 Qd7 15. Rd1 e5 16. f4 0-0-0 17. fxe5 Ng4 18. e6 Qc6 19. Qxg4 Be7 20. Nd5 Rde8 21. Nxe7+ Rxe7 22. Bg5 h5 23. Qf5 Qb6+ 24. Kh1 Rc7 25. e7+ Kb8 26. Rac1 Rhc8 27. Qxc8+ Rxc8 28. Rxc8+ Kxc8 29. e8Q+ Qd8 30. Qxd8# 1-0

[Event "EU-ch Amateur Online Final 1400/1700"]
[Site "Tornelo INT"]
[Date "2021.04.18"]
[Round "5"]
[White "Dallas, Nikolaos Alexandros"]
[Black "Schellenberg, Simon"]
[Result "1-0"]
[WhiteElo "1255"]
[BlackElo "1543"]
[PlyCount "171"]
[EventDate "2021.04.18"]
[EventType "swiss (rapid)"]
[EventRounds "9"]
[EventCountry "NET"]
[SourceTitle "EXT 2023"]
[Source "ChessBase"]
[SourceDate "2022.10.05"]
[SourceVersion "1"]
[SourceVersionDate "2022.10.05"]
[SourceQuality "1"]

1. e4 d5 2. Nc3 dxe4 3. Nxe4 Bf5 4. Ng3 Bg6 5. d4 e6 6. Nh3 Bd6 7. Bc4 Nf6 8. Nf4 Bxf4 9. Bxf4 Nc6 10. c3 0-0 11. 0-0 Ne7 12. b4 Nf5 13. Nxf5 Bxf5 14. Bd3 Bxd3 15. Qxd3 c6 16. Bg3 Qd7 17. a4 Rfd8 18. Qc4 Qd5 19. Qxd5 Nxd5 20. Rfc1 Rac8 21. f3 Nb6 22. b5 Nc4 23. h3 Nd2 24. Ra2 Nc4 25. Kf2 Na5 26. Ke3 c5 27. Rcc2 cxd4+ 28. cxd4 Nb3 29. Rxc8 Rxc8 30. Be1 Kf8 31. Rb2 Nc1 32. Bb4+ Ke8 33. a5 Rc4 34. Bc5 Ra4 35. b6 a6 36. Bb4 Na2 37. Bd2 Ra3+ 38. Ke2 Nc3+ 39. Bxc3 Rxc3 40. Kd2 Rc6 41. Kd3 Kd7 42. f4 g6 43. Ke4 Kd6 44. Rb3 Rc2 45. g4 Ra2 46. Rc3 Rxa5 47. Rc7 f5+ 48. Kd3 Ra3+ 49. Kc4 Ra4+ 50. Kb3 Rxd4 51. Rxb7 Kc6 52. Rxh7 Kxb6 53. gxf5 exf5 54. Rh6 Rxf4 55. Rxg6+ Kb5 56. Rg8 Rh4 57. Rb8+ Ka5 58. Rf8 Rxh3+ 59. Kc4 Rf3 60. Rh8 Rf1 61. Rb8 Rc1+ 62. Kd3 Rc5 63. Rb1 Rb5 64. Ra1+ Kb6 65. Ke3 a5 66. Kf4 Rd5 67. Rb1+ Rb5 68. Ra1 Rb4+ 69. Kxf5 Kb5 70. Ke5 a4 71. Kd5 Rb3 72. Kd4 Kb4 73. Ra2 a3 74. Ra1 Rb2 75. Rh1 a2 76. Rh8 Ka3 77. Ra8+ Kb3 78. Kd3 Rb1 79. Rb8+ Ka3 80. Ra8+ Kb2 81. Rb8+ Kc1 82. Rc8+ Kd1 83. Rh8 Rb3+ 84. Kc4 Ra3 85. Rh1+ Kd2 86. Rh2+ 1-0

[Event "EU-ch Amateur Online 1400/1700"]
[Site "Tornelo INT"]
[Date "2021.04.17"]
[Round "3"]
[White "Dallas, Nikolaos Alexandros"]
[Black "Mlynek, Maksymilian"]
[Result "1-0"]
[WhiteElo "1255"]
[BlackElo "1480"]
[PlyCount "107"]
[EventDate "2021.04.17"]
[EventType "swiss (rapid)"]
[EventRounds "8"]
[EventCountry "NET"]
[SourceTitle "EXT 2023"]
[Source "ChessBase"]
[SourceDate "2022.10.05"]
[SourceVersion "1"]
[SourceVersionDate "2022.10.05"]
[SourceQuality "1"]

1. e4 c6 2. d4 d5 3. e5 Bf5 4. h4 h6 5. g4 Be4 6. f3 Bh7 7. e6 Qd6 8. exf7+ Kxf7 9. Be3 Qb4+ 10. Qd2 Qxb2 11. Qc3 Qxc3+ 12. Nxc3 Bxc2 13. Nh3 e6 14. Kd2 Bh7 15. Bd3 Bxd3 16. Kxd3 Na6 17. a3 Bd6 18. h5 Ne7 19. Bf4 Bxf4 20. Nxf4 e5 21. dxe5 Nc5+ 22. Kc2 Rhe8 23. Rhe1 Ne6 24. Nxe6 Kxe6 25. f4 Kf7 26. Ne2 g6 27. hxg6+ Nxg6 28. Rf1 Kg7 29. Nd4 Ne7 30. Ne6+ Kf7 31. Nc7 d4 32. Nxa8 Rxa8 33. Rh1 Kg7 34. f5 Nd5 35. Kd3 c5 36. Kc4 Ne3+ 37. Kxc5 Nxg4 38. Rag1 Rd8 39. Rxg4+ Kh7 40. Rxd4 Rc8+ 41. Kb4 b6 42. Rd7+ Kg8 43. Rg1+ Kh8 44. e6 a5+ 45. Kb5 Rc5+ 46. Kxb6 Rxf5 47. Rc1 Rf8 48. e7 Re8 49. Rd8 a4 50. Rxe8+ Kg7 51. Rf8 h5 52. e8Q h4 53. Rg1+ Kh7 54. Qg6# 1-0

[Event "EU-ch Amateur Online 1400/1700"]
[Site "Tornelo INT"]
[Date "2021.04.17"]
[Round "6"]
[White "Kuzniarz, Maciej"]
[Black "Dallas, Nikolaos Alexandros"]
[Result "0-1"]
[WhiteElo "1548"]
[BlackElo "1255"]
[PlyCount "38"]
[EventDate "2021.04.17"]
[EventType "swiss (rapid)"]
[EventRounds "8"]
[EventCountry "NET"]
[SourceTitle "EXT 2023"]
[Source "ChessBase"]
[SourceDate "2022.10.05"]
[SourceVersion "1"]
[SourceVersionDate "2022.10.05"]
[SourceQuality "1"]

1. e4 Nc6 2. d4 e5 3. Nf3 exd4 4. Nxd4 Nf6 5. Nc3 Nxe4 6. Nxe4 Qe7 7. f3 d5 8. Nxc6 bxc6 9. Bd3 dxe4 10. Bxe4 f5 11. Bg5 Qe6 12. 0-0 fxe4 13. Qd8+ Kf7 14. fxe4+ Kg6 15. Kh1 Bb7 16. Qxc7 Bd6 17. Qxb7 Rhf8 18. Bd2 Qe5 19. Qxg7+ Qxg7 0-1